[Event "San Rafael Cup Blind"]
[Site "San Rafael"]
[Date "2019.09.21"]
[Round "3.6"]
[White "Morelli, Daniel"]
[Black "Vitale, Maximiliano"]
[Result "0-1"]
[WhiteElo "1727"]
[BlackElo "1607"]
[PlyCount "91"]
[EventDate "2019.09.20"]
[EventType "swiss"]
[EventRounds "5"]
[EventCountry "ARG"]
[SourceTitle "EXT 2024"]
[Source "ChessBase"]
[SourceDate "2023.10.10"]
[SourceVersion "1"]
[SourceVersionDate "2023.10.10"]
[SourceQuality "1"]

1. e4 c5 2. Nc3 e6 3. f4 Nf6 4. Nf3 d6 5. Bc4 h6 6. 0-0 a6 7. a4 Qc7 8. d3 Nbd7 9. Qe1 Be7 10. Bd2 b6 11. Kh1 Bb7 12. Qg3 g6 13. Rae1 0-0-0 14. e5 dxe5 15. fxe5 Nd5 16. Bxd5 exd5 17. Nxd5 Bxd5 18. Bf4 g5 19. Bd2 Rdg8 20. Bc3 Rh7 21. Nh4 Be6 22. Nf5 Bxf5 23. Rxf5 f6 24. exf6 Bd6 25. Qe3 Bxh2 26. f7 Rf8 27. Qe8+ Kb7 28. Qxf8 Nxf8 29. Re8 Rxf7 30. Rxf8 Rxf8 31. Rxf8 Qg3 32. Rf7+ Kc6 33. Rf6+ Kd5 34. Rxh6 c4 35. dxc4+ Kxc4 36. Rxh2 b5 37. axb5 axb5 38. Rh3 Qf4 39. Rh7 Qc1+ 40. Kh2 Qf4+ 41. Kg1 Qc1+ 42. Kf2 Qxc2+ 43. Kg1 Qxh7 44. g4 Qh4 45. Kg2 Qxg4+ 46. Kf2 0-1

[Event "San Rafael Cup Blind"]
[Site "San Rafael"]
[Date "2019.09.21"]
[Round "4.3"]
[White "Vitale, Maximiliano"]
[Black "Perrone, Gabriel"]
[Result "0-1"]
[WhiteElo "1607"]
[BlackElo "1861"]
[PlyCount "90"]
[EventDate "2019.09.20"]
[EventType "swiss"]
[EventRounds "5"]
[EventCountry "ARG"]
[SourceTitle "EXT 2024"]
[Source "ChessBase"]
[SourceDate "2023.10.10"]
[SourceVersion "1"]
[SourceVersionDate "2023.10.10"]
[SourceQuality "1"]

1. e4 c5 2. Nf3 d6 3. d4 cxd4 4. Nxd4 Nc6 5. Be3 Nf6 6. Nc3 Qa5 7. Bd3 e5 8. Nb3 Qc7 9. f3 Be7 10. Qe2 a6 11. 0-0-0 Be6 12. Bc4 Bxc4 13. Qxc4 h6 14. h4 Rc8 15. g4 0-0 16. g5 hxg5 17. hxg5 Nh7 18. Qe2 Qd8 19. Nd5 Bxg5 20. Bxg5 Qxg5+ 21. Kb1 f5 22. Qh2 Qg6 23. Rdg1 Ng5 24. Qh8+ Kf7 25. Qh5 Qxh5 26. Rxh5 Nxf3 27. Rxf5+ Kg8 28. Ne7+ Nxe7 29. Rxf8+ Rxf8 30. Rf1 Ng5 31. Rxf8+ Kxf8 32. Nd2 Kf7 33. Kc1 Kf6 34. Kd1 d5 35. exd5 Nxd5 36. c4 Ne3+ 37. Ke2 Nf5 38. Kd3 e4+ 39. Nxe4+ Nxe4 40. Kxe4 g5 41. b4 g4 42. Kf4 g3 43. Kf3 Kg5 44. a4 Kh4 45. Kg2 Ne3+ 0-1

[Event "San Rafael Cup Blind"]
[Site "San Rafael"]
[Date "2019.09.20"]
[Round "1.5"]
[White "Vitale, Maximiliano"]
[Black "Mitrani, Alberto Luis"]
[Result "1/2-1/2"]
[WhiteElo "1607"]
[BlackElo "1849"]
[PlyCount "64"]
[EventDate "2019.09.20"]
[EventType "swiss"]
[EventRounds "5"]
[EventCountry "ARG"]
[SourceTitle "EXT 2024"]
[Source "ChessBase"]
[SourceDate "2023.10.10"]
[SourceVersion "1"]
[SourceVersionDate "2023.10.10"]
[SourceQuality "1"]

1. e4 d6 2. d4 Nf6 3. Nc3 g6 4. Be3 Bg7 5. h3 0-0 6. Nf3 Nbd7 7. Bc4 Nxe4 8. Nxe4 Nb6 9. Bb3 d5 10. Neg5 c6 11. h4 h6 12. Nh3 Bg4 13. Nf4 e5 14. dxe5 Bxe5 15. c3 Qc7 16. Nd3 Bg7 17. Qe2 Rfe8 18. 0-0-0 Rad8 19. Nde1 f5 20. Qd3 Kh7 21. Nc2 f4 22. Bd4 Bf5 23. Qd2 Nc4 24. Bxc4 dxc4 25. h5 c5 26. hxg6+ Bxg6 27. Ng5+ Kg8 28. Nf3 cxd4 29. Nfxd4 a6 30. f3 Rd5 31. Qf2 Ree5 32. Nb4 Rd7 1/2-1/2